000 00323nam a22001457a 4500
008 221101b ||||| |||| 00| 0 eng d
020 _a9781437714456
041 _aeng
080 _26th edition
_a159.9
082 _a159.9
100 _a25
101 _apsi
245 _aPHYSICAL EXAMINATION
_cJARVIS
942 _2udc
_cBK
999 _c58707
_d58707